000 00743nam a22002177a 4500
003 OSt
005 20181129135400.0
008 181126b xxu||||| |||| 00| 0 eng d
040 _cBCRI
082 _a658.11
082 _a658.4
110 1 _97383
_aEl Salvador
_bMinisterio de Educación
245 1 0 _aEmprendedurismo colaborativo
_b: módulo guía I
_cMinisterio de Educación (MINED)
250 _a6ª ed.
260 _aSan Salvador
_bPanamericana
_c2017
300 _a80 p.
_bil.
_c28 cm.
500 _aen la port: Viceministerio de Ciencia y Tecnología, Dirección Nacional de Educación en Ciencia, Tecnología e Innovación.
650 0 _96296
_aEmprendedores
650 0 _96378
_aGrupos de trabajo
942 _2ddc
_cBK
_hprozim
999 _c29849
_d29849